00860 2200313 4500001002100000005001500021007000300036008004100039020001800080035002000098040001700118041000800135082001400143084002000157090002400177100003000201245005100231250001200282264004900294300003300343336002100376337003000397338002300427500001800450504002400468650002000492850001000512990002400522INLIS00000000000630220260418072057ta260418 0  a602-8227-38-4 a0010-0322000546 aSBPUPADbInd0 aInd a362.959.8 a362.959.8 DAU b a362.959.8 DAU b 7-80 aAdhyaksa DaultePengarang1 aBerlayar Dari Pulau Ke Pulau /cAdhyaksa Dault a.-Cet 1 a.--Yogyakarta :bPT Citra Aji Pratama,c2009 av,56 hal. :bIllus. ;c29 cm 2rdacontentaTeks 2rdamediaaTanpa Perantara 2rdacarrieravolume aIndeks,hlm 55 abibliografi, hlm 56 4aPemuda&Kelautan aPUPAD a578/S/KAPD/PDG/2012